WW2 German Generals Quiz Part 1 - Statistics

General Stats
  • This quiz has been taken 24 times
  • The average score is 3 of 56
Answer Stats
Picture Answer % Correct
Gotthard Fedor August Heinrici
63%
Max Bock
58%
Hermann Hoth
42%
Johannes Albrecht Blaskowitz
26%
Georg Otto Hermann Balck
16%
Friedrich Bayer
11%
Eduard Wohlrat Christian Dietl
5%
Erhard Raus
5%
Erich Abraham
5%
Franz Friedrich Böhme
5%
Georg von Bismarck
5%
Hans-Ulrich Back
5%
Hans-Valentin Robert Friedrich Hube
5%
Helmuth Otto Ludwig Weidling
5%
Johannes Bäßler
5%
Paul Bader
5%
Wilhelm Berlin
5%
Anton Reichard von Mauchenheim genannt Bechtolsheim
0%
Dietrich Hugo Hermann von Choltitz
0%
Edmund Blaurock
0%
Ehrenfried-Oskar Boege
0%
Erich Buschenhagen
0%
Erich-Heinrich Clößner
0%
Ernst Hermann August Theodor Busse
0%
Eugen Beyer
0%
Friedrich von Boetticher
0%
Friedrich-Wilhelm von Chappuis
0%
Fritz Becker
0%
Gerd-Paul Valerian Georg Heinrich von Below
0%
Günther Alois Friedrich Blumentritt
0%
Hans Behlendorff
0%
Hans-Jürgen Bernard Theodor von Arnim
0%
Hans von Ahlfen
0%
Hellmuth Böhlke
0%
Herbert Adolf Wilhelm Erich Adalbert von Böckmann
0%
Johannes Friedrich Gustav Block
0%
Karl Allmendinger
0%
Karl Britzelmayr
0%
Karl Heinrich Emil Becker
0%
Karl Hermann Arndt
0%
Kuno-Hans von Both
0%
Kurt Brennecke
0%
Kurt von Briesen
0%
Kurt von der Chevallerie
0%
Kurt Wilhelm Albert Karl Agricola
0%
Martin Bieber
0%
Maximilian de Angelis
0%
Richard Robert Karl Baltzer
0%
Rudolf von Bünau
0%
Sergei Kuzmich Bunyachenko
0%
Vladimir Ilyich Boyarsky
0%
Walter von Brockdorff-Ahlefeldt
0%
Walther Buhle
0%
Wilhelm Emanuel Burgdorf
0%
Wilhelm Georg Gustav Botho Rudolf Hans Reichsfreiherr von Boineburg-Lengsfeld
0%
Willibald Borowietz
0%
No matching quizzes found
Score Distribution
Percent of People with Each Score
Percentile by Number Answered
Your Score History
You have not taken this quiz